000 06139nam a22002777a 4500
003 NALT
005 20251025170436.0
008 250227b th ||||| |||| 00| 0 tha d
020 _a9786167273402
040 _aNALT
041 0 _athaeng
090 _aKT 43
_bศ365ก 2555
110 2 _aสำนักงานศาลยุติธรรม
_915140
245 1 0 _aการขอปล่อยชั่วคราวต่อศาล /
_cกองการต่างประเทศ สำนักงานศาลยุติธรรม ; บรรณาธิการ คมวัชร เอี้ยงอ่อง.
246 3 1 _aApplication for provisional release to the court.
260 3 _aกรุงเทพฯ :
_bกองการต่างประเทศ สำนักงานศาลยุติธรรม,
_c2555.
300 _a21, 21 หน้า ;
_c21 ซม.
500 _aเนื้อหาเป็นภาษาไทยและภาษาอังกฤษ.
505 0 _aการขอปล่อยชั่วคราวต่อศาล (การขอประกันตัว) : 1. การขอปล่อยชั่วคราวต่อศาลคืออะไร? -- 2. การขอปล่อยชั่วคราวเป็นเรื่องยุ่งยากหรือไม่? -- 3. การขอปล่อยชั่วคราวทำได้ในชั้นใดบ้าง? -- 4. ใครบ้างมีสิทธิยื่นคำร้องขอประกันตัว? -- 5. การขอปล่อยชั่วคราวจะต้องเตรียมเอกสารอะไรบ้าง? -- 6. หลักประกันใดบ้างที่สามารถใช้ประกันตัวผู้ต้องหาหรือจำเลยได้? -- 7. การนำหลักประกันมาใช้ในการขอประกันตัวจะต้องทำอย่างไร? -- 8. การมอบอำนาจให้บุคคลอื่นมาขอปล่อยชั่วคราวต้องทำอย่างไร? -- 9. การขอปล่อยชั่วคราวโดยใช้หนังสือรับรองของบริษัทประกันภัยคืออะไร? -- 10. กรณีเคยขอปล่อยชั่วคราวไว้แล้ว หากต้องการขอปล่อยชั่วคราวต่อไปจะใช้หลักทรัพย์เดิมได้หรือไม่? -- 11. จะยื่นขอปล่อยชั่วคราวต่อศาลได้เมื่อใด? -- 12. อยากทราบว่าคดีที่จะขอประกันต้องใช้วงเงินประกันเท่าไร? -- 13. วิธีปฏิบ้ติในการขอปล่อยชั่วคราวต้องทำอย่างไร? -- 14. จะยื่นคำร้องขอประกันตัวได้ที่ไหน? -- 15. ศาลใช้หลักเกณฑ์อะไรในการวินิจฉัยสั่งคำร้องขอประกันตัว? -- 16. ศาลจะสั่งไม่อนุญาตให้ปล่อยชั่วคราวเพราะเหตุใดบ้าง? -- 17. การอนุญาตให้ปล่อยชั่วคราวมีกี่ประเภท? -- 18. มีกรณีที่ศาลจะสั่งอนุญาตให้ปล่อยชั่วคราวผู้ต้องหาหรือจำเลยโดยไม่มีผู้ขอประกันได้หรือไม่? -- 19. เมื่อศาลชั้นต้นมีคำสั่งไม่อนุญาตให้ปล่อยชั่วคราว ผู้ขอประกันจะดำเนินการอย่างไร? -- 20. การขอปล่อยชั่วคราวในระหว่างการพิจารณาของศาลอุทธรณ์หรือศาลอุทธรณ์ภาค -- 21. การขอปล่อยชั่วคราวในระหว่างการพิจารณาของศาลฎีกาทำอย่างไร? -- 22. หน้าที่ของผู้ขอประกันมีอย่างใดบ้าง? -- 23. หากผู้ต้องหาหรือจำเลยหลบหนีหรือจะหลบหนี ผู้ขอประกันจะทำอย่างไร? -- 24. หากไม่สามารถส่งตัวผู้ต้องหาหรือจำเลยมีผลอย่างไร? -- 25. การอุทธรณ์คำสั่งปรับผู้ถูกบังคับตามสัญญาประกันทำได้อย่างไร? -- 26. การถอนประกันต่อศาลต้องทำอย่างไร? -- 27. นอกจากคำร้องขอประกันตัวแล้ว ผู้ขอประกันสามารถยื่นคำร้องอื่น ๆ เกี่ยวกับการขอปล่อยชั่วคราวได้อีกหรือไม่? -- 28. การขอรับหลักทรัพย์หรือเงินสดคืนจากศาลต้องปฏิบัติอย่างไร?.
650 4 _aการปล่อยชั่วคราว
_937671
650 4 _aประกันตัว
_951563
650 4 _aสิทธิผู้ต้องหา
_xแง่กฎหมาย
_964726
850 _aNALT
942 _cLB
_2local
996 _akornsiririn.r
_bCATSTF
_c2023-04-20
999 _c101848
_d101848
998 _j3099
_k พรวิทู โค้วคชาภรณ์